000 00924cam a2200289 a 4500
001 000010775
003 DO-SdBNP
005 20250617120532.0
008 830622s1982 cu af b 000 0 spa
035 _a(DLC) 83164764
040 _aDO-SdBNP
_cDLC
_dBNPHU
049 _aBNGR
082 _a326.97291
_bS715ñ
100 1 _aSosa Rodríguez, Enrique,
_d1930-2002
_926004
245 1 4 _aLos ñañigos /
_cEnrique Sosa Rodríguez.
260 _aCiudad de La Habana, (Cuba) :
_bCasa de las Américas,
_cc1982.
300 _a464 p. :
_bil. ;
_c19 cm.
504 _aBibliografía: p. 453-464.
586 _aPremio casa de las américas 1982.
650 0 _aEsclavitud
_zCuba
_913499
650 4 _aGrupos étnicos
_zCuba
_926006
650 0 _aTrata de esclavos
_zCuba
_921366
650 4 _aMestizaje
_zCuba
_926008
650 4 _aSociedades secretas
_zCuba
_926009
910 _aCatalogación por copia / LC
942 _2ddc
_cLBS1
999 _c10527
_d10527